000
00321nam a2200133Ia 4500
008
260604s9999 xx 000 0 und d
020
_a
9780709726548
082
_a
808.3 WAT
100
_a
Brown Watson
_9
35291
245
0
_a
Illustrated Unicorn & Fairy Stories
260
_b
SHREE
500
_a
Fairy Stories
942
_c
BK
999
_c
8060
_d
8060